000
00326nam a2200109Ia 4500
008
200302s9999 xx 000 0 und d
100
_a
Barry S.Onouye & Kevin Kane
245
_a
Statics And Strength Of Materials For Architecture and Building Construction
260
_b
Pearson Eduction Ltd,.
260
_c
2015
300
_a
589 P
999
_c
4225
_d
4225